000 00399nam a22001697a 4500
005 20251108172400.0
008 250721s1982 xx 000 0 eng d
082 1 4 _aJ/F/HER
100 1 _aHerge,
245 1 4 _aThe Broken Ear /
264 1 _aTournai :
_bMagnet,
_c1982.
300 _a62p : ill
490 0 _aThe Adventuren of Tintin
650 1 7 _aFiction
942 _2ddc
_cBK
999 _c77834
_d77834